000 00898nam a2200313Ia 4500
001 B3225
003 IT-RoPAU
008 130308s9999 xx 000 0 und d
040 _aIT-RoPAU
040 _cIT-RoPAU
041 _aFRANCESE
100 _aBres Jacques
100 _gCodice Aut. SPICS: 37505
245 _aRatages et temps de l'a-dire
245 _bSens et Ses heterogeneites (Le)
250 _a1a ed.
260 _aPARIS
260 _bCentre Nat. Recherche Sc.
260 _c1991 [1° Ed.:1991 - Ed.Ling.Originale:1991]
300 _a"12 p. (prefazione: no ; testo: 12 [pagine: 93-104])"
500 _aDialettica del Se' e dell'Altro. Alcune forme di fallimenti Sintattici.
650 _aSEMANTICA
650 _eCodice materia Spics: 3301
700 _aGardes-Madray Francoise
700 _gCodice Aut. SPICS: 37506
942 _cBK
957 _71
999 _c78593
_d78593
999 _g1